<?xml version="1.0" encoding="UTF-8"?>
<marc:record xmlns:marc="http://www.loc.gov/MARC21/slim">
   <marc:leader>00000nam a2200000 a 4500</marc:leader>
   <marc:datafield ind1="1" ind2=" " tag="100">
      <marc:subfield code="a">Lundberg, Gary B.</marc:subfield>
      <marc:subfield code="4">aut</marc:subfield>
      <marc:subfield code="e">Verfasser/-in</marc:subfield>
   </marc:datafield>
   <marc:datafield ind1="1" ind2=" " tag="100">
      <marc:subfield code="a">Lundberg, Joy Saunders</marc:subfield>
      <marc:subfield code="4">aut</marc:subfield>
      <marc:subfield code="e">Verfasser/-in</marc:subfield>
   </marc:datafield>
   <marc:datafield ind1="1" ind2=" " tag="100">
      <marc:subfield code="a">Lundberg, Gary B.</marc:subfield>
   </marc:datafield>
   <marc:datafield ind1=" " ind2=" " tag="653">
      <marc:subfield code="a">Zwischenmenschliche Beziehung</marc:subfield>
   </marc:datafield>
   <marc:datafield ind1=" " ind2=" " tag="653">
      <marc:subfield code="a">Interpersonale Kommunikation</marc:subfield>
   </marc:datafield>
   <marc:datafield ind1=" " ind2=" " tag="653">
      <marc:subfield code="a">Problemlösen</marc:subfield>
   </marc:datafield>
   <marc:datafield ind1="0" ind2="0" tag="245">
      <marc:subfield code="a">Hörst du mir eigentlich zu?</marc:subfield>
   </marc:datafield>
   <marc:datafield ind1="0" ind2="0" tag="245">
      <marc:subfield code="b">warum guter Rat nicht immer hilft</marc:subfield>
   </marc:datafield>
   <marc:datafield ind1="0" ind2="0" tag="245">
      <marc:subfield code="c">Gary B. Lundberg ; Joy Saunders Lundberg. Aus dem amerikan. Engl. von Rita Höner</marc:subfield>
   </marc:datafield>
   <marc:datafield ind1=" " ind2="1" tag="264">
      <marc:subfield code="a">München</marc:subfield>
      <marc:subfield code="b">Goldmann</marc:subfield>
      <marc:subfield code="c">2008</marc:subfield>
   </marc:datafield>
   <marc:datafield ind1="1" ind2=" " tag="490">
      <marc:subfield code="a">Goldmann</marc:subfield>
      <marc:subfield code="v">15481</marc:subfield>
   </marc:datafield>
   <marc:datafield ind1=" " ind2=" " tag="250">
      <marc:subfield code="a">Taschenbuchausg., 1. Aufl.</marc:subfield>
   </marc:datafield>
   <marc:datafield ind1="1" ind2=" " tag="520">
      <marc:subfield code="a">Angaben aus der Verlagsmeldung

Hörst du mir eigentlich zu? : Warum guter Rat nicht immer hilft I don't have to make everything better / von Gary B Lundberg, Joy Saunders Lundberg

Menschen, die uns wichtig sind, lassen wir mit ihren Problemen nicht gerne allein. Wir wollen helfen. Freunde, Partner, Kinder und Kollegen erhalten dann schnell mal ein paar gutgemeinte Ratschläge: »Du solltest ...«, »Du müßtest ...«. Leider ist damit das Problem nur selten aus der Welt.
Der erfahrene Psychotherapeut Gary B. Lundberg zeigt anhand anschaulicher Fallbeispiele, wie Sie in ganz unterschiedlichen Situationen Ihr Gegenüber wirksam dabei unterstützen können, sich dem eigenen Problem zu stellen. Trauen Sie anderen einfach zu, ihre Probleme selbst zu lösen und wichtige Entscheidungen selbst treffen zu können! Wer den anderen Menschen ernst nimmt, und nicht versucht, ihm seine Probleme und Gefühle auszureden, sondern ihn einfühlsam bestätigt, wird nicht nur sich selbst entlasten, sondern vor allem dem anderen die Kraft geben, sein Leben selbstverantwortlich in die Hand zu nehmen. Die Methode ist verblüffend einfach, anregend, unterhaltsam und immer und in jeder Beziehung anwendbar. Praktischer Leitfaden und hilfreiches Nachschlagewerk für die erfolgreiche Verständigung in der Familie, unter Freunden, mit dem Ehepartner und am Arbeitsplatz.
</marc:subfield>
   </marc:datafield>
   <marc:datafield ind1=" " ind2=" " tag="020">
      <marc:subfield code="a">9783442154814</marc:subfield>
      <marc:subfield code="9">9783442154814</marc:subfield>
   </marc:datafield>
   <marc:datafield ind1=" " ind2=" " tag="041">
      <marc:subfield code="a">ger</marc:subfield>
   </marc:datafield>
   <marc:datafield ind1=" " ind2=" " tag="300">
      <marc:subfield code="a">285 S.</marc:subfield>
   </marc:datafield>
</marc:record>
